| 000 | 00638nam a2200205 a 4500 | ||
|---|---|---|---|
| 001 | 000008900 | ||
| 005 | 20200929161433.0 | ||
| 008 | 090921s1982 dr 001 0 spa d | ||
| 040 |
_aDO-SdBNP _bspa _cBNPHU |
||
| 082 |
_a133.9 _bC352u |
||
| 100 | 1 |
_aCastillo, Carmen _923466 |
|
| 245 | 1 | 4 |
_aUna conversación interesante / _cCarmen Castillo. |
| 260 |
_aSanto Domingo : _bCorripio, _c1982. |
||
| 300 |
_a81 p. ; _c22 cm. |
||
| 590 | _aInventariado, 2018/LP | ||
| 650 | 4 |
_aEspiritismo _91460 |
|
| 650 | 4 |
_aObjetos voladores no identificados _91461 |
|
| 650 | 4 |
_aPercepción extrasensorial _91462 |
|
| 910 | _aValidado. Control de calidad EMS | ||
| 999 |
_c8669 _d8669 |
||